00981nam a2200277 i 4500003000900000005001700009007000300026008004100029020001800070040003000088082001300118100003100131245008900162264006600251300002800317336002700345337003300372338002800405500006000433500002100493590002700514910001400541942001400555952011700569999001700686DO-SdBNP20240626093638.0ta240626b2016 xxu || 000 0 eng d a9781612549200 aDO-SdBNPbspacBNPHUerda 4bB3952221 aBecker, Alexeautor98581914athe 10 pillars of wealth :b mind-sets of the world´s richest people /cAlex Becker 1aTexas, Estados Unidos :bBrown books publishing group,c2016. a192 páginas :c22 cm. 2rdacontentatextobtxt 2rdamediaasin mediaciónbn 2rdacarrieravolumenbnc aIncluye datos biografícos del autor en la pagina 182. aLibro en ingles. aInventariado, 2024/ YL aYLockward 2ddccLBS1 00102ddc56708GRaBNPHUbBNPHUcCTd2019-08-26eDonación l0oB395p2024-3742r2024-06-26w2024-06-26yLBS1 c56998d56998